| 000 | 01028nam a2200265 c 4500 | ||
|---|---|---|---|
| 003 | BLK | ||
| 005 | 20180420231048.0 | ||
| 008 | 180409b bul|||||r ||||||| ||bul|| | ||
| 010 | _aKNG00120890000 | ||
| 040 | _aBLK | ||
| 041 |
_aRUS _cRUS |
||
| 080 |
_aЖивопис - методи, процеси _b75.021 _x _z75.021 |
||
| 100 | 1 |
_aХвостенко, Татьяна Васильевна _eпърви автор _9136598 |
|
| 139 |
_aХвостенко, Татьяна Васильевна _bХ 35 |
||
| 245 | 1 | 0 |
_aЭнкаустика _bИскусство, пережившее тысячелетия _cТатьяна Васильевна Хвостенко. |
| 257 | _aSUN | ||
| 260 |
_аМосква _bСов. художник _c1985 |
||
| 300 |
_a160 с. _bс ил. _c20 см |
||
| 380 | _a7 | ||
| 852 | _aЦб 139511 | ||
| 856 | 4 |
_qpdf _u |
|
| 856 | 4 |
_qpdf _u |
|
| 942 |
_cKNG _n0 |
||
| 944 |
_aCR _c18.01.2011 _lдобави в АБ / 17.01.2011 _kНаталия_Любомирова |
||
| 944 |
_aED _c18.01.2011 _lдобави в АБ / 17.01.2011 _k |
||
| 999 |
_c115406 _d115406 |
||